000
00206 a2200097 4500
001
47120
100
_a
Schaeffer H
245
_a
U- Boat 977
260
_a
London
_b
William Kimber
_c
090
_c
30179
_d
30179
942
_a
NUST-CAE
_c
M
_c
22424
999
_c
282193
_d
282193